| 000 | 00769nam a2200253 a 4500 | ||
|---|---|---|---|
| 001 | 000028647 | ||
| 003 | DO-SdBNP | ||
| 005 | 20170118130947.0 | ||
| 007 | 000028647 | ||
| 008 | 110411s2000 dr 000 j spa d | ||
| 040 |
_aBPMSU _bspa _cBPMSU |
||
| 082 | 0 | 4 |
_aRD863.44 _bB715c, 2000 |
| 100 | 1 |
_aBonilla, Santiago, _d1961- |
|
| 245 | 1 | 0 |
_aCuentos para niños(as) / _cSantiago Bonilla. |
| 250 | _a3a ed. | ||
| 260 |
_aSanto Domingo : _bBúho, _c2000. |
||
| 300 |
_a54 p. ; _c21 cm. |
||
| 500 | _aIncluye datos biográficos del autor en la contracubierta. | ||
| 650 | 4 | _aCUENTOS INFANTILES DOMINICANOS | |
| 650 | 4 | _aLITERATURA INFANTIL DOMINICANA | |
| 910 | _aValidado. Control de calidad MFF | ||
| 942 |
_2ddc _cBK |
||
| 956 |
_aVMATEO _b10 _c20150923 _lBPMSU _h0069 |
||
| 999 |
_c7284 _d7284 |
||